000 00640nam a22001811cc4500
001 tt000654612+Band2
035 _att000654612
008 170707s2013 gw |||| 000u ger d
020 _a9783525310090
_9978-3-525-31009-0
245 0 4 _aDie Geschichte der totalitären Demokratie
_nBand 2
_pPolitischer Messianismus : die romantische Phase
264 _aKöln [u.a.] :
_bVandenhoeck & Ruprecht,
_c2013
300 _a623 S.
246 1 2 _aDie Geschichte der totalitären Demokratie. Politischer Messianismus : die romantische Phase
_nBand 2
773 0 8 _wtt000654612
_qBand2
942 _cMG
040 _cRU-10907106
003 RU-10907106
999 _c50333
_d50333